Wilt no se aclara / (Record no. 82088)

MARC details
000 -LEADER
campo de control de longitud fija 00644nam a2200229 i 4500
001 - NÚMERO DE CONTROL
campo de control 82088
003 - IDENTIFICADOR DE NÚMERO DE CONTROL
campo de control ES-MaACL
005 - FECHA Y HORA DE LA ÚLTIMA TRANSACCIÓN
campo de control 20230906174606.0
007 - CAMPO FIJO DE DESCRIPCIÓN FÍSICA--INFORMACIÓN GENERAL
campo de control de longitud fija t|
008 - DATOS DE LONGITUD FIJA--INFORMACIÓN GENERAL
campo de control de longitud fija 041122s2004 sp ||||1| spa d
020 ## - NÚMERO INTERNACIONAL ESTÁNDAR DEL LIBRO
Número Internacional Estándar del Libro 84-339-2392-7
080 ## - NÚMERO DE LA CLASIFICACIÓN DECIMAL UNIVERSAL
Número de la Clasificación Decimal Universal 821.111-31"19"
100 1# - ENTRADA PRINCIPAL--NOMBRE DE PERSONA
Nombre de persona Sharpe, Tom.
9 (RLIN) 106016
245 10 - MENCIÓN DEL TÍTULO
Título Wilt no se aclara /
Mención de responsabilidad, etc. Tom Sharpe ; traducción de Gemma Rovira.
260 ## - PUBLICACIÓN, DISTRIBUCIÓN, ETC.
Lugar de publicación, distribución, etc. Barcelona :
Nombre del editor, distribuidor, etc. Anagrama,
Fecha de publicación, distribución, etc. [2004]
300 ## - DESCRIPCIÓN FÍSICA
Extensión 259 p. ;
Dimensiones 22 cm.
490 1# - MENCIÓN DE SERIE
Mención de serie Contraseñas ;
Designación de volumen o secuencia 192
700 1# - ENTRADA AGREGADA--NOMBRE PERSONAL
Nombre de persona Rovira, Gemma.
9 (RLIN) 100127
830 0# - PUNTO DE ACCESO ADICIONAL DE SERIE-TÍTULO UNIFORME
Título uniforme Contraseñas ;
Designación de volumen o secuencia 192
9 (RLIN) 179727
852 ## - LOCALIZACIÓN
Ubicación ES-MaACL
Número de control de estantería L-28514
Sublocalización o colección R.134592
Holdings
Estatus retirado Estado de pérdida Estado de daño No para préstamo Biblioteca de origen Biblioteca actual Ubicación en estantería Fecha de adquisición Fuente de adquisición Total de préstamos Signatura topográfica completa Código de barras Visto por última vez Precio de reemplazo Tipo de ítem Koha
        Biblioteca del Ateneo de Madrid Biblioteca del Ateneo de Madrid Depósito 2 17/01/2008     L-28514 1085798 23/02/2023 23/02/2023 Libro impreso